000 00672nam a2200205Ii 4500
003 JO-AjNU
008 230605s9999||||xx |||||||||||||| ||und||
040 _aJO-AjNU
_bara
_erda
_cJO-AjNU
041 _aara
050 1 4 _aD16.2 .A2238 2003
100 3 _aتاليف عبدالله، حسام,
_eauthor
_918539
245 0 0 _aطرق تدريس التاريخ لجميع المراحل المدرسية
250 _aط1
264 3 1 _aعمان: دار اسامة، 2003
300 _a152ص
336 _atext
_btxt
_2rdacontent
337 _aunmediated
_bn
_2rdamedia
338 _avolume
_bnc
_2rdacarrier
650 4 _a التاريخ -- طرق التدريس 
_918540
999 _aA5948
_c9516
_d9516